000 00330 a2200145 4500
001 195052
040 _cMagnum
100 _aKinney, Jeff
240 1 0 _aDiário de uma Banana 12
_lpor
245 1 0 _aDiário de uma Banana 12
300 _a229
362 0 _a2017
697 _aLITERATURA INFANTO-JUVENIL ESTRANGEIRA
942 _cBK
999 _c195052
_d195052